000 00567nam a2200205Ia 4500
005 20250923145720.0
008 008 250917s9999 xx 000 0 eng d
037 _aTextual
040 _aDSWL
_beng
_cDSWL
041 _aeng
_2eng
084 _aS1, N81
_qDSWL
100 _aAuerbach, S.
_9838262
245 4 _aThe whole child: A source book
_c by S.Auerbach
260 _aNew Delhi
_bYork G.P. Putnams Sons
_c1981
300 _axiv,304p.
365 _aINR
_b225.13
925 _g225.13
942 _cTEXL
_hS1, N81
999 _c1454696
_d1454696